000 00420nam a2200145Ia 4500
008 231129s1998||||xx |||||||||||||| ||spa||
020 _a84-8265-075-0
040 _bspa
082 _a862 C146g
100 _aCalderón de la Barca Don Pedro
245 0 _aEl gran teatro del mundo
260 _c1998
264 _aMadrid España : Club Internacional del Libro
942 _2ddc
_cBKS
999 _c11194
_d11194